Statistics for Most visited countries in the world (Top 10)

Click here to take the quiz!

General Stats

  • This quiz has been taken 26 times
  • The average score is 9 of 10

Answer Stats

VisitorsAnswer% Correct
86.9 MillionFrance
100%
76.9 MillionU.S.A / United States of America
100%
60.7 MillionChina
96%
58.3 MillionItaly
96%
81.8 MillionSpain
96%
37.7 MillionThe United Kingdom / Uk
96%
39.3 MillionMexico
92%
37.5 MillionGermany
88%
37.6 MillionTurkey
58%
35.4 MillionThailand
54%

Score Distribution

Percentile by Number Answered

Percent of People with Each Score

Your Score History

You have not taken this quiz